Gilmore Girls Characters By Picture - Statistics

General Stats
  • This quiz has been taken 1,126 times
  • The average score is 8 of 10
Answer Stats
Picture Answer % Correct
Rory Gilmore
99%
Emily Gilmore
96%
Lorelai Gilmore
96%
Richard Gilmore
94%
Luke Danes
88%
Paris Geller
85%
Sookie St. James
77%
Jess Mariano
73%
Logan Huntzberger
69%
Dean Forester
58%
No matching quizzes found
Score Distribution
Percent of People with Each Score
Percentile by Number Answered
Your Score History
You have not taken this quiz